Programa de las lecciones de estereotomía que se explican en la Escuela de Ingenieros Industriales de Barcelona / por Félix Cardellach Alivés
Descripción Física:
27 cm ; 25 cm
Materias:
Estereotomia
MARC
| LEADER | 00000nam a2200000Ia 4500 | ||
|---|---|---|---|
| 001 | 18717 | ||
| 008 | 160829s1902 xx 000 0 cat d | ||
| 080 | |a RF-3-57 | ||
| 100 | |a Cardellach, Félix |9 38382 | ||
| 245 | |a Programa de las lecciones de estereotomía que se explican en la Escuela de Ingenieros Industriales de Barcelona / por Félix Cardellach Alivés | ||
| 260 | |a Barcelona : |b Librería de Penella y Bosch, |c 1902 | ||
| 300 | |a 27 cm ; |c 25 cm | ||
| 590 | |a Prové de 3268 | ||
| 650 | |a Estereotomia |9 38385 | ||
| 710 | 2 | |a Escola d'Enginyers Industrials de Barcelona |9 54316 | |
| 856 | 4 | |u https://media.diba.cat/diba/fitxers/arxiu/fulletons/bib_18717_1902_baixa.pdf |y Accés lliure | |
| 856 | 4 | |u https://media.diba.cat/diba/fitxers/arxiu/fulletons/bib_18717_1902_baixa.pdf |y Accés lliure | |
| 901 | |a Arxiu | ||
| 942 | |n 1 |2 udc | ||
| 952 | |0 0 |1 0 |4 0 |6 RF357 |7 1 |9 48392 |a Arxiu |b Arxiu |d 2016-12-01 |l 0 |o RF-3-57 |p 18717 |r 2016-12-01 00:00:00 |w 2016-12-01 |y ARXIU | ||
| 999 | |c 52220 |d 52220 | ||
| 900 | |a bib_18717_1902_baixa.pdf | ||